000 00544nam a2200181Ia 4500
008 090123s9999 xx 000 0 und d
082 _b36831
_a891.463/शिरव
100 _aशिरवळकर सुहास
245 _aडेड शॉट
250 _a0
260 _bशशीदिप प्रकाशन
_c2004
300 _a252
600 _aशिरवळकर सुहास
630 _aडेड शॉट
700 _aशिरवळकर सुहास
730 _aडेड शॉट
942 _cBOOK
999 _c74898
_d74898